Quick Pick: Dogs in Movies Quiz Stats

Quiz Updated Nov 14, 2016

Challenge
Share
Tweet
Embed
Score 0/10 Timer 01:00
9 Plays Today
% Correct
[Title Character] and the Tramp
87.3%
Turner & [Title Character]
86.4%
One Hundred and One Dalmatians
80.9%
My Dog [Title Character]
68.2%
The Adventures of Milo and [Title Character]
67.4%
Homeward Bound: The Incredible Journey
63.5%
See [Title Character] Run
62.3%
The Fox and the Hound
62.1%
Oliver & Company
54.8%
Air Bud
50.6%

Today's Daily Dose

You're not logged in!

Compare scores with friends on all Sporcle quizzes.
Sign Up with Email
OR
Log In

You Might Also Like...

Show Comments

Extras

Top Quizzes Today


Score Distribution

Your Account Isn't Verified!

In order to create a playlist on Sporcle, you need to verify the email address you used during registration. Go to your Sporcle Settings to finish the process.